| 000 | 00732nam a2200229 a 4500 | ||
|---|---|---|---|
| 999 |
_c1041 _d1041 |
||
| 001 | 1041 | ||
| 003 | BD-JhCC | ||
| 005 | 20171015122737.0 | ||
| 008 | 171014s1372 bg |||| ||a| 000 0 ben d | ||
| 035 | _a(BD-JhCC) 1041 | ||
| 040 |
_aBD-JhCC _dBD-JhCC |
||
| 041 | _aben | ||
| 082 |
_a891.443 _bBAN 1372 |
||
| 100 | _aবন্দোপাধ্যায়, তারাশঙ্কর | ||
| 245 |
_aভুবনপুরের হাট / _cতারাশঙ্কর বন্দোপাধ্যায় |
||
| 260 |
_aঢাকা: _bকল্পনা পাবলিশাস _c1372 |
||
| 300 |
_a198 p .: _c22 cm. |
||
| 650 | _aBengali Novel | ||
| 651 | _aBangladesh | ||
| 942 |
_2ddc _cBK |
||